| 000 | 00396nam a22001697a 4500 | ||
|---|---|---|---|
| 005 | 20160622120445.0 | ||
| 008 | 160622b xxu||||| |||| 00| 0 eng d | ||
| 020 | _a0-201-87743-0 | ||
| 041 | _aeng | ||
| 082 | _b8995 | ||
| 100 |
_aMcrae, Chris _92493 |
||
| 245 | _aThe Brand Chastering Hand Book | ||
| 260 |
_bAddison wasley _c1996 |
||
| 300 | _a399 | ||
| 650 |
_aManagement _9241 |
||
| 942 | _cBK | ||
| 999 |
_c3545 _d3544 |
||